| 000 | 00677nam a2200205 u 4500 | ||
|---|---|---|---|
| 005 | 20241029063714.0 | ||
| 008 | 100211s2003 cl r 000 0 spa d | ||
| 020 | _a9589401678 | ||
| 035 | _aUPN01000174667 | ||
| 049 | _aCG | ||
| 050 | 4 |
_aGV361 _bG8.4 |
|
| 100 | 1 | _aGuillén García, Félix | |
| 245 | 1 | 0 |
_aIntroducción a la psicopedagogía de la actividad física y el deporte / _cFélix Guillén García. |
| 260 |
_aArmenia, Col. : _bKinesis, _c2003. |
||
| 300 |
_a236 p. : _bil. col. |
||
| 440 | 0 | _aPsicología del deporte | |
| 650 | 2 |
_aEducación física _xFormación profesional _915547 |
|
| 650 | 4 |
_aEducación física _xEstudio y enseñanza _94839 |
|
| 905 | _aLibro | ||
| 999 |
_c146771 _d146771 |
||